000 00586nam a2200229Ia 4500
003 OSt
005 20220923230704.0
006 a|||||r|||| 00| 0
007 ta
008 Pun
024 _a304,771
037 _cTextual
040 _aARTS
_cARTS
_bPun
041 _2Pun
_aPun
082 _aV2:25wN2, 153J5
100 _aਪਿਆਰਾ ਸਿੰਘ
245 0 _aਵਤਨ ਤੇ Fਹੀਦ
260 _c1965
650 _aਭਾਰਤੀਯ ਇਤਿਹਾਸ
942 _hV2:25wN2, 153J5
_cTEXL
_2CC
999 _c386578
_d386578